000 01528nam a2200373Ia 4500
001 dia_1281
003 CHAP
005 20230126114931.0
008 220117s1974 xx 000 0 und d
010 _a171823
040 _cCHAP
082 _a551.577 P73 1974
245 _aPrecipitación y probabilidad de la lluvia en la República Mexicana y su evaluación /
_c Enriqueta García...[et al.]
260 _aMéxico :
_b UNAM, Instituto de Geografía,
_c1974
300 _a19 v.
400 _aTITULO VARIA: CLIMAS; PRECIPITACION Y PROBABILIDAD DE LLUVIA EN LA REPUBLICA
440 _aClimas
_9150423
500 _aLa biblioteca solo cuenta con 13 v.
503 _aC/e
504 _aIncluye bibliografías
505 _av.Querétaro e Hidalgo \ v.2. Chihuahua \ v.3. Tamaulipas \ v.4. México \ v.5. Sonora \ v.6. Durango \ v.7. Veracruz \ v.8. Campeche, Yucatán \ v.9. Jalisco \ v.10. Guanajuato \ v.1Oaxaca \ v.12. Baja California Norte y Baja California Sur \ v.13. San Luis Potosi, Zacatecas y Aguascalientes.
590 _aQC986.MX P73 1974
650 _aLluvia
_967312
650 _aMeteorological parameters
_xMexico
_9150424
650 _aParámetros meteorológicos
_xMéxico
_9150425
650 _aPrecipitación
_9150426
650 _aPrecipitation
_9150427
650 _aRain
_9150428
700 _aGarcía, Enriqueta, coaut.
_9150429
901 _a551.577 P73 1974
902 _aM
905 _a5232271974 mx bm 8223123322spa16
942 _cLIBRO
_2ddc
999 _c171823
_d171823